Companion to the anthropology of education (Record no. 1435019)
[ view plain ]
| 000 -LEADER | |
|---|---|
| fixed length control field | 01421nam a22002057a 4500 |
| 003 - CONTROL NUMBER IDENTIFIER | |
| control field | OSt |
| 005 - DATE AND TIME OF LATEST TRANSACTION | |
| control field | 20250830111808.0 |
| 008 - FIXED-LENGTH DATA ELEMENTS--GENERAL INFORMATION | |
| fixed length control field | 250830b |||||||| |||| 00| 0 eng d |
| 037 ## - SOURCE OF ACQUISITION | |
| Terms of availability | Textual |
| 040 ## - CATALOGING SOURCE | |
| Original cataloging agency | RTL |
| Transcribing agency | RTL |
| 084 ## - COLON CLASSIFICATION NUMBER | |
| Classification number | Y9(T), Q1/TD3 |
| Assigning agency | RTL |
| 245 ## - TITLE STATEMENT | |
| Title | Companion to the anthropology of education |
| 300 ## - PHYSICAL DESCRIPTION | |
| Extent | xix, 572 p. |
| Other physical details | includes bibliographical references and index |
| 520 ## - SUMMARY, ETC. | |
| Summary, etc. | A Companion to the Anthropology of Education presents a comprehensive and state-of-the-art overview of the field, exploring the social and cultural dimension of educational processes in both formal and nonformal settings. Explores theoretical and applied approaches to cultural practice in a diverse range of educational settings around the world, in both formal and non-formal contexts includes contributions by leading educational anthropologists Integrates work from and on many different national systems of scholarship, including China, the United States, Africa, the Middle East, Colombia, Mexico, India, the United Kingdom, and Denmark Examines the consequences of history, cultural diversity, language policies, governmental mandates, inequality, and literacy for everyday educational processes |
| 650 ## - SUBJECT ADDED ENTRY--TOPICAL TERM | |
| Topical term or geographic name entry element | Educational anthropology |
| 9 (RLIN) | 819455 |
| 650 ## - SUBJECT ADDED ENTRY--TOPICAL TERM | |
| Topical term or geographic name entry element | Social Science |
| 700 ## - ADDED ENTRY--PERSONAL NAME | |
| Personal name | Levinson, Bradley A U |
| Relator term | Editor |
| 9 (RLIN) | 375192 |
| 700 ## - ADDED ENTRY--PERSONAL NAME | |
| Personal name | Pollock, Mica |
| Relator term | Editor |
| 942 ## - ADDED ENTRY ELEMENTS (KOHA) | |
| Source of classification or shelving scheme | Colon Classification (CC) |
| Suppress in OPAC | No |
| Koha item type | Textual |
| Classification part | Y9(T), Q1/TD3 |
| Withdrawn status | Lost status | Source of classification or shelving scheme | Damaged status | Not for loan | Home library | Current library | Date acquired | Total Checkouts | Full call number | Barcode | Date last seen | Price effective from | Koha item type |
|---|---|---|---|---|---|---|---|---|---|---|---|---|---|
| Colon Classification (CC) | Ratan Tata Library | Ratan Tata Library | 2025-08-30 | Y9(T), Q1/TD3 | RT1462401 | 2025-08-30 | 2025-08-30 | Textual |
